Statistiques concernant Les plus gros partenaires commerciaux - Qatar

Cliquez ici pour prendre le quiz!

Statistiques générales

  • Ce quiz a été pris 78 fois
  • Le résultat moyen est 23 sur 28

Statistiques - réponses

exportationsimportationspays% Correct
6,40 bil1,68 bilChine
100%
0,62 bilArabie Saoudite
99%
1,24 bil3,12 bilEtats-Unis
99%
0,74 bil2,26 bilFrance
99%
2,49 bilAllemagne
97%
8,09 bil1,19 bilInde
96%
11,0 bil1,19 bilJapon
94%
1,56 bil3,12 bilRoyaume-Uni
94%
0,65 bilTurquie
94%
0,62 bil1,98 bilÉmirats arabes unis
93%
0,85 bil0,46 bilEspagne
93%
1,32 bil1,04 bilItalie
93%
0,90 bilIndonésie
87%
0,83 bilOman
86%
11,3 bil0,44 bilCorée du Sud
84%
0,42 bilBrésil
83%
1,37 bilÉgypte
83%
0,36 bilKoweït
79%
1,61 bilPakistan
77%
0,57 bilPays-Bas
71%
0,55 bil0,36 bilBelgique
69%
0,49 bilMalaisie
67%
0,54 bilPologne
67%
0,69 bilSuisse
66%
2,54 bilThaïlande
66%
0,45 bilArgentine
60%
5,17 bil0,43 bilSingapour
54%
2,65 bilTaïwan
49%

Distribution des résultats

Percentile par nombre de réponses

% des personnes avec chaque résultat

Votre développement - résultats

Vous n’avez pas pris ce quiz